[Event "AUTO-OPEN-331"]
[Site "http://www.queenalice.com/game.php?id=87602"]
[Date "2006.7.19"]
[Round "1"]
[White "vagnerpirai"]
[Black "AuDo"]
[Result "0-1"]
[WhiteElo "1626"]
[BlackElo "1926"]

1. e4 d6 2. d4 Nf6 3. Bc4 Nxe4 4. Qh5 e6 5. d5 Qe7 6. dxe6 Bxe6 7. Bxe6 Qxe6 8.
Ne2 Nc6 9. O-O g6 10. Qf3 O-O-O 11. Nbc3 d5 12. Nxe4 dxe4 13. Qg3 Bd6 14. Bf4 f5
15. Bxd6 Rxd6 16. Nf4 Qf6 17. c3 Rhd8 18. Nh3 h6 19. Qe3 g5 20. Qe2 Rd2 21. Qb5
f4 22. Kh1 f3 23. g3 Qe6 24. Ng1 e3 25. Nxf3 Qe4 26. fxe3 R8d5 27. Qb3 g4 28.
Kg1 gxf3 29. Rad1 f2+ 30. Rxf2 Rxd1+ 0-1

[Event "Challenge"]
[Site "http://www.queenalice.com/game.php?id=88441"]
[Date "2006.7.22"]
[Round "-"]
[White "Pershemia"]
[Black "AuDo"]
[Result "1-0"]
[WhiteElo "1819"]
[BlackElo "2044"]

1. d4 d5 2. Nf3 Nf6 3. c4 c6 4. Nc3 a6 5. c5 Bg4 6. Ne5 Bh5 7. Qb3 Ra7 8. Nd3
Nbd7 9. Bf4 e6 10. e3 Be7 11. f3 Bg6 12. g4 O-O 13. h4 Bxd3 14. Bxd3 b6 15. cxb6
Nxb6 16. g5 Nh5 17. Be5 Nd7 18. Bh2 c5 19. Be2 g6 20. O-O-O cxd4 21. Rxd4 Qa8
22. Qd1 Nb6 23. e4 1-0

[Event "AUTO-OPEN-331"]
[Site "http://www.queenalice.com/game.php?id=125478"]
[Date "2006.11.5"]
[Round "2"]
[White "aknightout"]
[Black "AuDo"]
[Result "0-1"]
[WhiteElo "1957"]
[BlackElo "2007"]

1. e4 c5 2. Nf3 d6 3. d3 Nc6 4. g3 g6 5. Bg2 Bg7 6. c3 e5 7. Qb3 h6 8. Nbd2 Rb8
9. O-O Nge7 10. h3 O-O 11. Nh2 Be6 12. Qd1 f5 13. exf5 Nxf5 14. Qa4 d5 15. b4
cxb4 16. cxb4 e4 17. Rb1 Qb6 18. dxe4 Nxg3 0-1

[Event "AUTO-OPEN-331"]
[Site "http://www.queenalice.com/game.php?id=125479"]
[Date "2006.11.5"]
[Round "2"]
[White "AuDo"]
[Black "aknightout"]
[Result "1-0"]
[WhiteElo "1954"]
[BlackElo "1972"]

1. d4 Nf6 2. c4 d6 3. Nc3 g6 4. e4 Bg7 5. Nf3 O-O 6. Be2 e5 7. O-O Nbd7 8. Be3
Ng4 9. Bg5 f6 10. Bh4 h5 11. dxe5 g5 12. exf6 Bxf6 13. Bxg5 Bxg5 14. Qd5+ 1-0

[Event "AUTO-OPEN-331"]
[Site "http://www.queenalice.com/game.php?id=125482"]
[Date "2006.11.5"]
[Round "2"]
[White "li2carpio"]
[Black "AuDo"]
[Result "0-1"]
[WhiteElo "1791"]
[BlackElo "2060"]

1. e4 c5 2. Nf3 d6 3. Bc4 Nf6 4. d3 Nc6 5. O-O e6 6. Nc3 Be7 7. a3 O-O 8. h3 d5
9. exd5 exd5 10. Bb3 d4 11. Ne4 Nxe4 12. dxe4 Qd6 13. Re1 Qg6 14. Kh2 Bd6+ 0-1

[Event "AUTO-OPEN-331"]
[Site "http://www.queenalice.com/game.php?id=125483"]
[Date "2006.11.5"]
[Round "2"]
[White "AuDo"]
[Black "li2carpio"]
[Result "1-0"]
[WhiteElo "2046"]
[BlackElo "1791"]

1. e4 c5 2. Nf3 Nc6 3. Bb5 d6 4. O-O Bd7 5. c3 a6 6. Ba4 b5 7. Bc2 Nf6 8. Re1 e6
9. d4 cxd4 10. cxd4 Be7 11. a3 O-O 12. e5 dxe5 13. dxe5 Nd5 14. Qd3 g6 15. Bh6
1-0

[Event "AUTO-OPEN-331"]
[Site "http://www.queenalice.com/game.php?id=174775"]
[Date "2007.2.27"]
[Round "3"]
[White "AuDo"]
[Black "jarac"]
[Result "1-0"]
[WhiteElo "2092"]
[BlackElo "2298"]

1. e4 c5 2. Nf3 Nc6 3. d4 cxd4 4. Nxd4 Nf6 5. Nc3 e5 6. Ndb5 d6 7. Bg5 a6 8. Na3
b5 9. Nd5 Be7 10. Bxf6 Bxf6 11. c3 O-O 12. Nc2 Bg5 13. a4 bxa4 14. Rxa4 Rb8 15.
h4 Bh6 16. Bxa6 Rxb2 17. Bxc8 Qxc8 18. Rc4 Qb7 19. O-O Re8 20. Ncb4 Nxb4 21.
cxb4 1-0

[Event "AUTO-OPEN-331"]
[Site "http://www.queenalice.com/game.php?id=174776"]
[Date "2007.2.27"]
[Round "3"]
[White "jarac"]
[Black "AuDo"]
[Result "1/2-1/2"]
[WhiteElo "2312"]
[BlackElo "2072"]

1. Nf3 d5 2. g3 Nf6 3. Bg2 g6 4. O-O Bg7 5. d3 O-O 6. Nbd2 Re8 7. e4 e5 8. exd5
Nxd5 9. Re1 Nc6 10. c3 a5 11. a4 h6 12. Nc4 Bf5 13. Nh4 Be6 14. Nf3 Bf5 15. Nh4
Be6 1/2-1/2

[Event "AUTO-MASTER-333"]
[Site "http://www.queenalice.com/game.php?id=229605"]
[Date "2007.6.23"]
[Round "1"]
[White "Jorac"]
[Black "AuDo"]
[Result "0-1"]
[WhiteElo "1913"]
[BlackElo "2184"]

1. e4 c5 2. Nf3 Nc6 3. d4 cxd4 4. Nxd4 e6 5. Be2 Nf6 6. Nc3 Bb4 7. f3 d5 8. Nxc6
bxc6 9. O-O Qb6+ 10. Kh1 O-O 11. Bg5 Nd7 12. Na4 Qc7 13. a3 Bd6 14. g3 Bb7 15.
Nc3 f5 16. exd5 exd5 17. Qd2 f4 18. g4 Bc5 19. b4 Be3 20. Qe1 Qe5 21. Bh4 Bd4
22. Nxd5 Bxa1 23. Ne7+ Kh8 24. Qxa1 Qxe2 25. Rf2 Qe5 26. Qd1 Nb6 27. Re2 Qc3 28.
Qd3 Qxd3 29. cxd3 c5 30. Kg2 cxb4 31. axb4 Rfd8 32. Rd2 Nc4 33. Rf2 Rxd3 34. Bg5
Ne3+ 35. Kh3 Nd1 36. Rf1 Bxf3 37. Kh4 Bg2 0-1

[Event "AUTO-MASTER-333"]
[Site "http://www.queenalice.com/game.php?id=229606"]
[Date "2007.6.23"]
[Round "1"]
[White "AuDo"]
[Black "Jorac"]
[Result "1-0"]
[WhiteElo "2174"]
[BlackElo "1953"]

1. e4 c5 2. Nf3 d6 3. d4 cxd4 4. Nxd4 Nf6 5. Nc3 a6 6. Be3 e6 7. g4 e5 8. Nf5
Bxf5 9. gxf5 Nc6 10. Qd2 Be7 11. O-O-O b5 12. Rg1 Rg8 13. Nd5 Nxe4 14. Qd3 Nc5
15. Bxc5 dxc5 16. Bg2 Rc8 17. f6 Bxf6 18. Nxf6+ Qxf6 19. Qd7+ Kf8 20. Qxc8+ Ke7
21. Rd7+ 1-0

[Event "AUTO-MASTER-333"]
[Site "http://www.queenalice.com/game.php?id=229615"]
[Date "2007.6.23"]
[Round "1"]
[White "AuDo"]
[Black "gardez2005"]
[Result "1-0"]
[WhiteElo "2166"]
[BlackElo "1898"]

1. e4 e5 2. Nf3 Nc6 3. Bb5 Nf6 4. d3 d6 5. c3 g6 6. O-O Bg7 7. Nbd2 O-O 8. Re1
Bd7 9. Nf1 a6 10. Ba4 Qe8 11. Ng3 b5 12. Bc2 Be6 13. d4 exd4 14. cxd4 Bg4 15.
Be3 Rd8 16. h3 Bxf3 17. Qxf3 Nd7 18. e5 Nb4 19. Bb3 dxe5 20. Bg5 Rc8 21. a3 h6
22. Bd2 1-0

[Event "AUTO-MASTER-333"]
[Site "http://www.queenalice.com/game.php?id=229616"]
[Date "2007.6.23"]
[Round "1"]
[White "gardez2005"]
[Black "AuDo"]
[Result "0-1"]
[WhiteElo "1980"]
[BlackElo "2139"]

1. d4 d5 2. c4 c6 3. Nf3 Nf6 4. Nc3 a6 5. e3 b5 6. c5 Nbd7 7. Bd3 e5 8. dxe5 Ng4
9. Bf5 Ngxe5 10. Nxe5 Nxe5 11. Bxc8 Rxc8 12. Qd4 Qg5 13. f4 Qh4+ 14. g3 Nf3+ 15.
Kd1 Qg4 16. Qb4 Qh3 0-1

[Event "AUTO-MASTER-333"]
[Site "http://www.queenalice.com/game.php?id=313939"]
[Date "2007.12.2"]
[Round "2"]
[White "benamocarra"]
[Black "AuDo"]
[Result "1/2-1/2"]
[WhiteElo "2221"]
[BlackElo "2211"]

1. e4 e5 2. f4 exf4 3. Bc4 Nf6 4. e5 d5 5. Bb3 Ne4 6. Nf3 Bg4 7. d3 Bxf3 8. Qxf3
Qh4+ 9. g3 fxg3 10. hxg3 Qxg3+ 11. Qxg3 Nxg3 12. Rh3 Nf5 13. Bxd5 Nc6 14. Bxc6+
bxc6 15. Nd2 Be7 16. Ne4 O-O-O 17. Bf4 h5 18. Kd2 h4 19. Rg1 Rh5 20. c3 Rd5
1/2-1/2

[Event "AUTO-MASTER-333"]
[Site "http://www.queenalice.com/game.php?id=313940"]
[Date "2007.12.2"]
[Round "2"]
[White "AuDo"]
[Black "benamocarra"]
[Result "1/2-1/2"]
[WhiteElo "2210"]
[BlackElo "2221"]

1. e4 d5 2. exd5 Nf6 3. d4 Bg4 4. f3 Bf5 5. Bb5+ c6 6. dxc6 Nxc6 7. Ne2 Qb6 8.
Nbc3 O-O-O 9. Bxc6 bxc6 10. O-O e5 11. Na4 Qb5 12. c3 Bd6 13. b3 Rhe8 14. Bg5 h6
15. Bxf6 gxf6 16. Qd2 Qd3 17. Rfd1 1/2-1/2

[Event "AUTO-MASTER-333"]
[Site "http://www.queenalice.com/game.php?id=313943"]
[Date "2007.12.2"]
[Round "2"]
[White "AuDo"]
[Black "CCapivara"]
[Result "1-0"]
[WhiteElo "2191"]
[BlackElo "2002"]

1. e4 d6 2. d4 Nf6 3. Nc3 c6 4. f4 Nbd7 5. Nf3 e5 6. dxe5 dxe5 7. fxe5 Ng4 8. e6
fxe6 9. Ng5 Be7 10. Nxe6 Bh4+ 11. g3 Qf6 12. Qxg4 Ne5 13. Nxg7+ Kf7 14. Qh5+
Kxg7 15. Be2 Rf8 16. Rf1 Qxf1+ 17. Bxf1 Bg4 18. Bh6+ 1-0

[Event "AUTO-MASTER-333"]
[Site "http://www.queenalice.com/game.php?id=313944"]
[Date "2007.12.2"]
[Round "2"]
[White "CCapivara"]
[Black "AuDo"]
[Result "0-1"]
[WhiteElo "1991"]
[BlackElo "2201"]

1. e4 c5 2. Nf3 d6 3. d4 cxd4 4. Nxd4 Nf6 5. Nc3 g6 6. f3 Bg7 7. Be3 O-O 8. Qd2
Nc6 9. h4 d5 10. exd5 Nxd5 11. Nxc6 bxc6 12. Bd4 Bxd4 13. Qxd4 e5 14. Qd2 Be6
15. Nxd5 cxd5 16. Bd3 Qb6 17. b3 e4 18. fxe4 dxe4 19. Bxe4 Bg4 20. Kf1 Qf6+ 0-1

[Event "Let's Play Chess!"]
[Site "http://www.queenalice.com/game.php?id=432798"]
[Date "2008.7.14"]
[Round "-"]
[White "Donidon"]
[Black "AuDo"]
[Result "1-0"]
[WhiteElo "2270"]
[BlackElo "2211"]

1. e4 c5 2. Nf3 Nc6 3. d4 cxd4 4. Nxd4 e6 5. c4 Nf6 6. Nc3 Bb4 7. Nxc6 bxc6 8.
Bd3 e5 9. O-O O-O 10. Qe2 d6 11. Na4 c5 12. Rd1 h6 13. Bc2 Qe7 14. Qd3 Rd8 15.
a3 Ba5 16. Rb1 Bb7 17. Qe2 Rac8 18. b4 cxb4 19. axb4 Bb6 20. Nxb6 axb6 21. f3
Qc7 22. Bd3 b5 23. cxb5 d5 24. exd5 Nxd5 25. Bd2 Nc3 26. Bxc3 Qxc3 27. Bf5 1-0

[Event "AUTO-ELITE-198"]
[Site "http://www.queenalice.com/game.php?id=433186"]
[Date "2008.7.14"]
[Round "1"]
[White "AuDo"]
[Black "Chuzete"]
[Result "1/2-1/2"]
[WhiteElo "2234"]
[BlackElo "2270"]

1. e4 c5 2. Nf3 d6 3. d4 cxd4 4. Nxd4 Nf6 5. Nc3 a6 6. Bg5 e6 7. f4 Be7 8. Qf3
h6 9. Bh4 g5 10. fxg5 Nfd7 11. Qh5 Ne5 12. Bf2 Bxg5 13. h4 Be7 14. O-O-O Qa5 15.
g4 Nbc6 16. Nb3 Qc7 17. g5 Bd7 18. gxh6 O-O-O 19. h7 Kb8 20. Be2 1/2-1/2

[Event "AUTO-ELITE-198"]
[Site "http://www.queenalice.com/game.php?id=433187"]
[Date "2008.7.14"]
[Round "1"]
[White "Chuzete"]
[Black "AuDo"]
[Result "1/2-1/2"]
[WhiteElo "2291"]
[BlackElo "2232"]

1. d4 Nf6 2. Bg5 Ne4 3. Bf4 c5 4. f3 Qa5+ 5. c3 Nf6 6. Nd2 cxd4 7. Nb3 Qd8 8.
cxd4 e6 9. e4 Nc6 10. Ne2 d5 11. Nc3 dxe4 12. fxe4 Bb4 13. Bd3 e5 14. dxe5 Ng4
15. Bb5 Qe7 1/2-1/2

[Event "AUTO-ELITE-198"]
[Site "http://www.queenalice.com/game.php?id=433188"]
[Date "2008.7.14"]
[Round "1"]
[White "AuDo"]
[Black "ClivetheBeard"]
[Result "1-0"]
[WhiteElo "2197"]
[BlackElo "2301"]

1. e4 c6 2. d4 d5 3. Nd2 a6 4. c3 g6 5. Ngf3 Bg7 6. Bd3 Nd7 7. O-O Qc7 8. Re1 e6
9. e5 c5 10. Nf1 Ne7 11. Be3 b6 12. Qd2 h6 13. Ng3 Bb7 14. h4 Nc6 15. h5 g5 16.
Nh2 Ndxe5 17. dxe5 Bxe5 18. Ng4 Bxg3 19. Nf6+ Kd8 20. fxg3 Qxg3 21. Bf2 Qd6 22.
Bc2 Ne5 23. Ne4 1-0

[Event "AUTO-ELITE-198"]
[Site "http://www.queenalice.com/game.php?id=433189"]
[Date "2008.7.14"]
[Round "1"]
[White "ClivetheBeard"]
[Black "AuDo"]
[Result "0-1"]
[WhiteElo "2301"]
[BlackElo "2217"]

1. c3 Nf6 2. d3 d5 3. f4 g6 4. g3 Bg7 5. Bg2 O-O 6. Nf3 c5 7. Ne5 Nc6 8. Nxc6
bxc6 9. Nd2 Qb6 10. Nf3 Bf5 11. Nh4 c4 12. Nxf5 gxf5 13. dxc4 Ng4 14. e3 Nxe3
15. Bxe3 Qxe3+ 16. Qe2 Qc5 17. O-O-O e6 18. g4 Rab8 19. Rd2 Qa5 20. gxf5 Qxa2
21. Rc2 dxc4 22. Rd1 Rfd8 23. Rxd8+ Rxd8 24. Rd2 Qa1+ 25. Kc2 Rb8 26. Qxc4 Rxb2+
27. Kd3 Rxd2+ 28. Kxd2 Qb2+ 29. Ke1 Qxg2 30. fxe6 Qg1+ 31. Kd2 Qxh2+ 32. Kc1
Qg1+ 33. Kd2 Qf2+ 34. Kd1 Qf3+ 0-1

[Event "AUTO-ELITE-198"]
[Site "http://www.queenalice.com/game.php?id=523058"]
[Date "2009.1.15"]
[Round "2"]
[White "AuDo"]
[Black "pumamercedino"]
[Result "1/2-1/2"]
[WhiteElo "2235"]
[BlackElo "2376"]

1. e4 c5 2. Nc3 e6 3. f4 Nc6 4. Nf3 Nge7 5. d4 cxd4 6. Nxd4 Nxd4 7. Qxd4 Nc6 8.
Qf2 a6 9. Be3 Bb4 10. Bb6 Qe7 11. Qg3 O-O 12. O-O-O d6 13. a3 1/2-1/2

[Event "AUTO-ELITE-198"]
[Site "http://www.queenalice.com/game.php?id=523059"]
[Date "2009.1.15"]
[Round "2"]
[White "pumamercedino"]
[Black "AuDo"]
[Result "1/2-1/2"]
[WhiteElo "2372"]
[BlackElo "2239"]

1. d4 Nf6 2. c4 g6 3. Nc3 Bg7 4. e4 d6 5. f4 O-O 6. Nf3 c5 7. dxc5 Qa5 8. Bd3
Qxc5 9. Qe2 Nc6 10. Be3 Qa5 11. O-O Bg4 12. a3 Nd7 13. b4 Qh5 14. Rac1 a5
1/2-1/2